Guía para el manejo, cría y conservación del Bagre Rayado : (Registro nro. 5483)

Detalles MARC
000 -CABECERA
Campo de control 01358cam a2200337 i 4500
005 - FECHA Y HORA DE LA ULTIMA TRANSACCION
Campo de control 20160107101043.0
008 - ELEMENTOS DE LONGITUD FIJA—INFORMACION GENERAL
Campo de control 040223s2003 ck a r 00010 spa d
015 ## - NATIONAL BIBLIOGRAPHY NUMBER
National bibliography number ck-2003-xxxx
020 ## - ISBN
ISBN 9586981150
040 ## - FUENTE DE CATALOGACIÓN
Agencia catalogadora original la
Agencia transcriptora la
Agencia Modificadora CO-BoIAVH
041 0# - IDIOMA
Código de idioma para texto/pista de sonido o título separado Español
082 04 - NUMERO DE CLASIFICACION DECIMAL DEWEY
Número de clasificación 639.311
Número del ítem C82g
100 1# - ASIENTO PRINCIPAL--NOMBRE PERSONAL
Nombre personal Cortés Millán, Gilberto Augusto
245 10 - MENCION DE TITULO
Título Guía para el manejo, cría y conservación del Bagre Rayado :
Parte restante del título pseudoplatystoma fasciatum linneo /
Mención de responsabilidad Gilberto Augusto Cortés Millán ; edición Henry Yesid Bernal ; ilustraciones Luis Aurelio Durán D.
250 ## - MENCION DE EDICION
Mención de edición Edición Henry Yesid Bernal.
260 ## - PUBLICACION, DISTRIBUCION, ETC. (PIE DE IMPRENTA)
Lugar de publicación, distribución, etc. Bogotá :
Nombre del editor, distribuidor, etc. Convenio Andrés Bello,
Fecha de publicación, distribución, etc. 2003.
300 ## - DESCRIPCION FISICA
Extensión 56 páginas :
Otros detalles físicos ilustraciones
Dimensiones 28 cm.
500 ## - NOTA GENERAL
Nota general Glosario : p. 35-36.
500 ## - NOTA GENERAL
Nota general Título tomado de la caratula.
504 ## - NOTA DE BIBLIOGRAFIA, ETC.
Nota de bibliografía Incluye referencias bibliográficas.
650 24 - ASIENTO SECUNDARIO DE MATERIA - TERMINO TEMATICO
Término temático o nombre geográfico como elemento de entrada Bagre rayado
Subdivisión general Recetas.
650 14 - ASIENTO SECUNDARIO DE MATERIA - TERMINO TEMATICO
Término temático o nombre geográfico como elemento de entrada Piscicultura
650 26 - ASIENTO SECUNDARIO DE MATERIA - TERMINO TEMATICO
Término temático o nombre geográfico como elemento de entrada Bagre rayado
Subdivisión general Cría y desarrollo
Subdivisión de forma Guías.
650 24 - ASIENTO SECUNDARIO DE MATERIA - TERMINO TEMATICO
Término temático o nombre geográfico como elemento de entrada Bagre rayado
Subdivisión general Cultivo.
650 24 - ASIENTO SECUNDARIO DE MATERIA - TERMINO TEMATICO
Término temático o nombre geográfico como elemento de entrada Estanques de peces
650 24 - ASIENTO SECUNDARIO DE MATERIA - TERMINO TEMATICO
Término temático o nombre geográfico como elemento de entrada Peces de agua dulce
Subdivisión general Alimentación y alimentos
700 1# - ASIENTO SECUNDARIO - NOMBRE PERSONAL
Nombre personal Durán Delgado, Luis Aurelio,
Fechas asociadas con el nombre 1967-,
Término de relación ilustrador
700 1# - ASIENTO SECUNDARIO - NOMBRE PERSONAL
Nombre personal Bernal, Henry Yesid,
Término de relación editor
710 2# - ASIENTO SECUNDARIO - NOMBRE CORPORATIVO
Nombre corporativo o de jurisdicción como elemento de entrada Convenio Andrés Bello
942 ## - ELEMENTOS ADICIONALES (KOHA)
Sistema de clasificación Dewey Decimal Classification
Tipo de ítem Libro
Existencias
Withdrawn status Lost status Sistema de Clasificación Damaged status No para préstamo Colección Inventariado Ubicación Permanente Ubicación actual Fecha de adquisición Fuente de Valor Valor Total Checkouts Número topográfico Inventario / Código de Barras Date last seen Ejemplar Price effective from Forma de adquisición Tipo de material
    Dewey Decimal Classification     General Inventariado 2017 Bogotá Bogotá 27/04/2007 Instituto 15000.00   LB-639.311 C82g 024006 04/12/2012 Ej.1 04/12/2012 Canje Libro